[Event "6th Rabat Blitz Marathon"]
[Site "Rabat MAR"]
[Date "2015.05.16"]
[Round "2.2"]
[White "Shirov, Alexei"]
[Black "Steinle, Thibaud"]
[Result "1-0"]
[WhiteTitle "GM"]
[WhiteElo "2696"]
[BlackElo "2079"]
[WhiteFideId "2209390"]
[BlackFideId "631027"]
[EventDate "2015.05.16"]

1. e4 e6 2. d4 d5 3. e5 c5 4. c3 Nc6 5. Nf3 Qb6 6. a3 Nge7 7. dxc5 Qc7 8. b4
Nxe5 9. Bf4 Nxf3+ 10. Qxf3 e5 11. Bg3 a6 12. c4 Be6 13. Nc3 dxc4 14. O-O-O f6
15. Rd6 Kf7 16. Ne4 Nf5 17. Rxe6 Kxe6 18. Bxc4+ 1-0

[Event "6th Rabat Blitz Marathon"]
[Site "Rabat MAR"]
[Date "2015.05.16"]
[Round "2.3"]
[White "Benaddi, Mouhcine"]
[Black "Fedorchuk, Sergey A."]
[Result "0-1"]
[BlackTitle "GM"]
[WhiteElo "2074"]
[BlackElo "2657"]
[WhiteFideId "9001050"]
[BlackFideId "14102536"]
[EventDate "2015.05.16"]

1. d4 Nf6 2. c4 e6 3. Nf3 b6 4. Nc3 Bb7 5. Qc2 Bb4 6. Bg5 h6 7. Bh4 g5 8. Bg3
Ne4 9. a3 Bxc3+ 10. bxc3 d6 11. e3 Nd7 12. Bd3 Ndf6 13. O-O h5 14. h4 Nxg3 15.
fxg3 gxh4 16. Nxh4 Qe7 17. e4 Ng4 18. Rae1 O-O-O 19. c5 dxc5 20. d5 c4 21. Be2
Ne3 22. Qc1 Nxf1 23. Bxf1 exd5 24. exd5 Qc5+ 25. Kh2 0-1

[Event "6th Rabat Blitz Marathon"]
[Site "Rabat MAR"]
[Date "2015.05.16"]
[Round "2.4"]
[White "Van Wely, Loek"]
[Black "Tachfine, Anouar"]
[Result "1-0"]
[WhiteTitle "GM"]
[WhiteElo "2653"]
[BlackElo "1974"]
[WhiteFideId "1000268"]
[BlackFideId "9000852"]
[EventDate "2015.05.16"]

1. d4 Nf6 2. c4 e6 3. Nf3 d5 4. Nc3 Be7 5. Bg5 b6 6. e3 Bb7 7. Rc1 O-O 8. cxd5
Nxd5 9. Bxe7 Qxe7 10. Bd3 a6 11. O-O Qd6 12. Bxh7+ Kxh7 13. Ng5+ Kg6 14. Qg4 Nf6
15. Qh4 Nbd7 16. Ne2 Rh8 17. Nf4+ Kf5 18. Qg3 Nh5 1-0

[Event "6th Rabat Blitz Marathon"]
[Site "Rabat MAR"]
[Date "2015.05.16"]
[Round "3.2"]
[White "Choukri, Adel"]
[Black "Shirov, Alexei"]
[Result "1/2-1/2"]
[BlackTitle "GM"]
[WhiteElo "2231"]
[BlackElo "2696"]
[WhiteFideId "9000399"]
[BlackFideId "2209390"]
[EventDate "2015.05.16"]

1. Nf3 d5 2. g3 Bg4 3. Bg2 Nd7 4. d3 e5 5. O-O Ngf6 6. Nbd2 Bc5 7. h3 Bh5 8. e4
dxe4 9. dxe4 c6 10. Qe1 Qc7 11. Kh2 Nf8 12. Nh4 Ne6 13. c3 O-O-O 14. b4 Bb6 15.
a4 a6 16. Nc4 Rd1 17. Nxb6+ Qxb6 18. Be3 Rxe1 19. Bxb6 Re2 20. Rfe1 Rc2 21. Rec1
Rb2 22. Rab1 Ra2 23. Ra1 Rb2 24. Rab1 Ra2 1/2-1/2

[Event "6th Rabat Blitz Marathon"]
[Site "Rabat MAR"]
[Date "2015.05.16"]
[Round "3.3"]
[White "Fedorchuk, Sergey A."]
[Black "Le Huec, Marc"]
[Result "1-0"]
[WhiteTitle "GM"]
[WhiteElo "2657"]
[BlackElo "2236"]
[WhiteFideId "14102536"]
[BlackFideId "624829"]
[EventDate "2015.05.16"]

1. e4 c5 2. Nf3 Nc6 3. Bb5 d6 4. O-O Bd7 5. Re1 a6 6. Bf1 Bg4 7. h3 Bxf3 8. Qxf3
Nf6 9. d3 g6 10. Nc3 Bg7 11. Nd5 e6 12. Ne3 O-O 13. c3 d5 14. exd5 exd5 15. Ng4
Nxg4 16. Qxg4 b5 17. Bg5 Qc8 18. Qf3 Qd7 19. Qf4 b4 20. Bh6 bxc3 21. Bxg7 Kxg7
22. bxc3 d4 23. Rac1 Rac8 24. Qg5 Qd6 25. h4 h6 26. Qd2 Rfd8 27. Qb2 dxc3 28.
Rxc3 Nd4 29. Rc4 Kg8 30. Qc1 Kh7 31. h5 g5 32. Re4 Kg7 33. Rexd4 1-0

[Event "6th Rabat Blitz Marathon"]
[Site "Rabat MAR"]
[Date "2015.05.16"]
[Round "3.4"]
[White "Ouakhir, Mehdi"]
[Black "Van Wely, Loek"]
[Result "0-1"]
[BlackTitle "GM"]
[WhiteElo "2176"]
[BlackElo "2653"]
[WhiteFideId "9000437"]
[BlackFideId "1000268"]
[EventDate "2015.05.16"]

1. d4 Nf6 2. Bg5 e6 3. e3 c5 4. c3 h6 5. Bh4 b6 6. Nf3 Bb7 7. Nbd2 Be7 8. Bd3
Nc6 9. Qe2 O-O 10. Ba6 Bxa6 11. Qxa6 cxd4 12. exd4 d5 13. O-O Rc8 14. Ne5 Qc7
15. Nxc6 Qxc6 16. Qxa7 Rc7 17. Qa6 Ra8 18. Qd3 b5 19. a3 Rcc8 20. Nf3 Qb7 21.
Ne5 Ne4 22. Bxe7 Qxe7 23. Qxb5 f6 24. Qd7 Qxd7 25. Nxd7 Ra7 26. Nc5 Nxc5 27.
dxc5 Rxc5 28. Rfc1 Kf7 29. f3 e5 30. Kf2 Ke6 31. Ke3 g5 32. g4 f5 33. gxf5+ Kxf5
34. Rc2 Rc4 35. b3 Rh4 36. c4 d4+ 37. Kd3 Rh3 38. c5 Rxf3+ 39. Kc4 d3 40. Rc3 e4
41. Kd5 d2 42. Rxf3+ exf3 43. Rd1 f2 44. c6 Kf4 45. b4 Ke3 46. b5 Ke2 47. Rxd2+
Kxd2 48. b6 Ra5+ 49. Kd4 0-1

[Event "6th Rabat Blitz Marathon"]
[Site "Rabat MAR"]
[Date "2015.05.16"]
[Round "4.2"]
[White "Romero Holmes, Alfonso"]
[Black "Fedorchuk, Sergey A."]
[Result "1-0"]
[WhiteTitle "GM"]
[BlackTitle "GM"]
[WhiteElo "2469"]
[BlackElo "2657"]
[WhiteFideId "2200066"]
[BlackFideId "14102536"]
[EventDate "2015.05.16"]

1. c4 e5 2. Nc3 Nc6 3. Nf3 Nf6 4. d3 Bc5 5. Bg5 h6 6. Bh4 Be7 7. e3 d6 8. Be2
O-O 9. O-O Nh7 10. Bxe7 Nxe7 11. d4 Ng6 12. Qc2 f5 13. Rad1 e4 14. Nd2 Qe8 15.
Nd5 Qf7 16. Bh5 Re8 17. Bxg6 Qxg6 18. Nxc7 Bd7 19. Nxa8 Rxa8 20. f3 exf3 21.
Nxf3 Re8 22. Nh4 Qg5 23. Nxf5 Nf6 24. Nxd6 Rxe3 25. Kh1 Ng4 26. h3 Qh4 27. Rd3
Rxd3 28. Qxd3 Nf2+ 29. Rxf2 Qxf2 30. Qe4 Bxh3 31. Qd5+ Kh8 32. gxh3 Qf1+ 33. Kh2
Qf2+ 34. Qg2 Qf4+ 35. Qg3 Qd2+ 36. Kh1 Qd1+ 37. Qg1 Qf3+ 38. Qg2 Qd1+ 39. Kh2
Qxd4 40. Ne4 Qxc4 41. b3 Qc7+ 42. Ng3 h5 43. Qf3 Qc2+ 44. Qg2 Qc7 45. Kh1 Qc1+
46. Nf1 Qf4 47. Qe2 Qf5 48. Kg2 Qg5+ 49. Ng3 h4 50. Qh5+ Qxh5 51. Nxh5 Kh7 52.
Kf3 g5 53. Kg4 Kg6 54. a3 b6 55. Nf4+ gxf4 56. Kxf4 Kh5 57. Kf5 a5 58. a4 Kh6
59. Kg4 Kg6 60. Kxh4 Kf5 61. Kg3 Ke4 62. h4 Kf5 63. Kf3 Ke5 1-0

[Event "6th Rabat Blitz Marathon"]
[Site "Rabat MAR"]
[Date "2015.05.16"]
[Round "4.3"]
[White "Van Wely, Loek"]
[Black "Libiszewski, Fabien"]
[Result "1-0"]
[WhiteTitle "GM"]
[BlackTitle "GM"]
[WhiteElo "2653"]
[BlackElo "2531"]
[WhiteFideId "1000268"]
[BlackFideId "616834"]
[EventDate "2015.05.16"]

1. d4 Nf6 2. c4 g6 3. Nc3 Bg7 4. Nf3 O-O 5. g3 c6 6. Bg2 d5 7. cxd5 cxd5 8. Ne5
e6 9. O-O Nfd7 10. f4 Nb6 11. b3 f6 12. Nd3 Nc6 13. e3 Bd7 14. a4 Nc8 15. Ba3
Rf7 16. Nc5 b6 17. Nxd7 Qxd7 18. e4 N8e7 19. Rc1 f5 20. e5 Bf8 21. Rf2 Na5 22.
Nb5 Nc8 23. Bxf8 Kxf8 24. Rfc2 Qd8 25. Nc7 Rxc7 26. Rxc7 Ne7 27. Bf1 Rc8 28.
Rxc8 Nxc8 29. b4 Nb7 30. Ba6 Qd7 31. Qc2 1-0

[Event "6th Rabat Blitz Marathon"]
[Site "Rabat MAR"]
[Date "2015.05.16"]
[Round "5.2"]
[White "Romero Holmes, Alfonso"]
[Black "Van Wely, Loek"]
[Result "0-1"]
[WhiteTitle "GM"]
[BlackTitle "GM"]
[WhiteElo "2469"]
[BlackElo "2653"]
[WhiteFideId "2200066"]
[BlackFideId "1000268"]
[EventDate "2015.05.16"]

1. e4 c5 2. Nf3 e6 3. c3 Nf6 4. Bd3 Nc6 5. Bc2 b5 6. O-O Bb7 7. Re1 Rc8 8. a3 c4
9. d4 cxd3 10. Bxd3 a6 11. e5 Nd5 12. Nbd2 d6 13. exd6 Bxd6 14. Ne4 Be7 15. a4
b4 16. Qe2 bxc3 17. bxc3 O-O 18. Bxa6 Bxa6 19. Qxa6 Qa5 20. Qxa5 Nxa5 21. Ba3
Bxa3 22. Rxa3 Nc4 23. Ra2 h6 24. Rc1 Ra8 25. Nd4 Rfc8 26. Nb5 Ndb6 27. Rca1 Ra5
28. g3 Nd5 29. Rb1 Ncb6 30. Ned6 Rc6 31. Nb7 Rxa4 32. Rxa4 Nxa4 33. Na5 Rc5 34.
Nb7 Rc6 35. Na5 Ra6 36. Nb3 Naxc3 37. Nxc3 Nxc3 38. Re1 Rd6 39. Nc5 Rd5 40. Ne4
Re5 41. f3 f5 42. Rc1 Nxe4 43. fxe4 Rxe4 44. Kf2 Kf7 45. Rc7+ Kf6 46. Kf3 Ra4
47. h4 g5 48. hxg5+ hxg5 49. Rc6 Ra3+ 50. Kf2 f4 51. gxf4 gxf4 52. Rc5 e5 0-1

[Event "6th Rabat Blitz Marathon"]
[Site "Rabat MAR"]
[Date "2015.05.16"]
[Round "5.3"]
[White "Choukri, Adel"]
[Black "Dourerassou, Jonathan"]
[Result "1/2-1/2"]
[BlackTitle "IM"]
[WhiteElo "2231"]
[BlackElo "2414"]
[WhiteFideId "9000399"]
[BlackFideId "628050"]
[EventDate "2015.05.16"]

1. Nf3 Nf6 2. g3 c5 3. Bg2 g6 4. O-O Bg7 5. d3 O-O 6. e4 Nc6 7. Re1 d6 8. Nbd2
a6 9. a4 Bd7 10. Nc4 b6 11. e5 dxe5 12. Ncxe5 Rc8 13. Nxd7 Qxd7 14. Ne5 Nxe5 15.
Rxe5 Rfd8 16. Qe2 Re8 17. Bd2 Qd6 18. Bf4 Qd4 19. Bb7 Rcd8 20. c3 Qxd3 21. Qxd3
Rxd3 22. Bxa6 Rd5 23. Bb5 Rxe5 24. Bxe5 Ra8 25. Rd1 Ne4 26. Bxg7 Kxg7 27. Bc6
Nxf2 28. Kxf2 Rc8 29. Bb5 Kf6 30. Rd7 Rb8 31. Bc4 e6 32. Ke3 h5 33. b4 cxb4 34.
cxb4 Ra8 35. Bb5 Rb8 36. Rc7 g5 37. Bd3 Ra8 38. Bc2 Rd8 39. a5 bxa5 40. bxa5 Ra8
41. Rc5 h4 42. gxh4 gxh4 43. Be4 Ra7 44. Bd3 Ke7 45. a6 f5 46. Rb5 Kd6 47. Rb6+
Kd5 48. Rb7 Ra8 49. a7 Kc6 50. Ba6 e5 51. Rh7 Kb6 52. Bd3 Rxa7 53. Rxa7 Kxa7 54.
Bxf5 Kb8 55. Ke4 Kc7 56. Kxe5 Kd8 57. Kf6 Ke8 58. Kg7 Ke7 59. h3 Kd6 60. Kf6 Kd5
61. Kg5 Ke5 62. Bg4 Kd6 63. Kf6 Kd5 64. Be6+ Kd6 65. Bg4 Kd5 66. Kf5 Kd6 67. Kf6
Kd5 68. Kg5 Ke5 69. Bf5 Kd6 70. Kxh4 Ke7 71. Kg5 Kf7 72. Kh6 Kg8 73. h4 Kh8 74.
h5 Kg8 1/2-1/2

[Event "6th Rabat Blitz Marathon"]
[Site "Rabat MAR"]
[Date "2015.05.16"]
[Round "5.4"]
[White "Fedorchuk, Sergey A."]
[Black "Shirov, Alexei"]
[Result "0-1"]
[WhiteTitle "GM"]
[BlackTitle "GM"]
[WhiteElo "2657"]
[BlackElo "2696"]
[WhiteFideId "14102536"]
[BlackFideId "2209390"]
[EventDate "2015.05.16"]

1. e4 c5 2. Nf3 Nc6 3. Bb5 e6 4. O-O Nge7 5. Re1 a6 6. Bxc6 Nxc6 7. d4 cxd4 8.
Nxd4 Qc7 9. Nc3 Bd6 10. h3 Bh2+ 11. Kh1 Nxd4 12. Qxd4 Be5 13. Qd3 b5 14. a4 b4
15. Ne2 Bb7 16. f4 Bf6 17. Be3 Rc8 18. Nd4 Qc4 19. e5 Bh4 20. Red1 Qxd3 21. cxd3
d6 22. exd6 Kd7 23. Bd2 Bf6 24. Nb3 Bd5 25. Na5 Bxb2 26. Rab1 Bc3 27. Nc4 Bxc4
28. dxc4 Bxd2 29. Rxd2 Rxc4 30. f5 exf5 31. Rd5 g6 32. Re1 Re8 33. Rxe8 Kxe8 34.
d7+ Kd8 35. Rd6 b3 36. Rxa6 Rb4 0-1

[Event "6th Rabat Blitz Marathon"]
[Site "Rabat MAR"]
[Date "2015.05.16"]
[Round "6.2"]
[White "Shirov, Alexei"]
[Black "Dourerassou, Jonathan"]
[Result "0-1"]
[WhiteTitle "GM"]
[BlackTitle "IM"]
[WhiteElo "2696"]
[BlackElo "2414"]
[WhiteFideId "2209390"]
[BlackFideId "628050"]
[EventDate "2015.05.16"]

1. d4 Nf6 2. c4 g6 3. g3 d5 4. cxd5 Nxd5 5. Bg2 Bg7 6. e4 Nb6 7. Ne2 O-O 8. O-O
Nc6 9. d5 Ne5 10. Nbc3 e6 11. f4 Ng4 12. h3 Nf6 13. dxe6 Bxe6 14. e5 Nfd5 15.
Nd4 Nxc3 16. bxc3 Bc4 17. Re1 Bd5 18. f5 Bxg2 19. Kxg2 Re8 20. f6 Bf8 21. Qb3
Qd5+ 22. Nf3 Rad8 23. Bf4 Qc6 24. e6 Rxe6 25. Rxe6 fxe6 26. Re1 Nd5 27. f7+ Kg7
28. c4 Nxf4+ 29. gxf4 Be7 30. Kg3 Bf6 31. Rd1 Rf8 32. Ng5 e5 33. c5 exf4+ 0-1

[Event "6th Rabat Blitz Marathon"]
[Site "Rabat MAR"]
[Date "2015.05.16"]
[Round "6.4"]
[White "Bouhaddoun, Oussama"]
[Black "Fridman, Daniel"]
[Result "0-1"]
[WhiteTitle "FM"]
[BlackTitle "GM"]
[WhiteElo "2253"]
[BlackElo "2637"]
[WhiteFideId "9000933"]
[BlackFideId "11600454"]
[EventDate "2015.05.16"]

1. e4 c6 2. Nf3 d5 3. exd5 cxd5 4. Ne5 Nf6 5. d4 g6 6. c4 Bg7 7. Nc3 O-O 8. Bg5
Ne4 9. Nxe4 dxe4 10. Bf4 f6 11. Ng4 Bxg4 12. Qxg4 f5 13. Qg3 Qxd4 14. Be2 Qxb2
15. Rd1 Nc6 16. h4 Nd4 17. Rd2 Qc1+ 18. Rd1 Nxe2 19. Rxc1 Nxg3 20. fxg3 Rac8 21.
Ke2 Rfd8 22. h5 Rd4 23. hxg6 hxg6 24. c5 Rd5 25. Be3 Rd3 26. Rb1 Ra3 27. Rxb7
Rxa2+ 28. Bd2 Rd8 29. Rd1 Bh6 30. c6 Rdxd2+ 31. Rxd2 Rxd2+ 32. Ke1 Rc2 33. c7
Kf7 34. Kd1 Rc1+ 35. Ke2 a5 0-1

[Event "6th Rabat Blitz Marathon"]
[Site "Rabat MAR"]
[Date "2015.05.16"]
[Round "7.3"]
[White "Larino Nieto, David"]
[Black "Van Wely, Loek"]
[Result "0-1"]
[WhiteTitle "GM"]
[BlackTitle "GM"]
[WhiteElo "2451"]
[BlackElo "2653"]
[WhiteFideId "2256444"]
[BlackFideId "1000268"]
[EventDate "2015.05.16"]

1. e4 c5 2. Nc3 e6 3. d3 Nc6 4. g3 g6 5. Bg2 Bg7 6. Be3 Nd4 7. Nce2 e5 8. c3 Ne6
9. f4 exf4 10. Nxf4 d6 11. Nf3 Nf6 12. O-O O-O 13. Kh1 Rb8 14. Qd2 b5 15. Nxe6
Bxe6 16. Bh6 b4 17. Bxg7 Kxg7 18. h3 bxc3 19. bxc3 h6 20. Rf2 Rb6 21. Raf1 Qe7
22. Nh4 Nh5 23. Kh2 Rfb8 24. Nf5+ Bxf5 25. exf5 Rb2 26. Qxb2 Rxb2 27. Rxb2 Qe5
28. Rf3 gxf5 29. d4 cxd4 30. cxd4 Qxd4 31. Rb5 d5 32. Rbb3 f4 33. Rbd3 Qe5 34.
gxf4 Nxf4 35. Rg3+ Kf8 36. Rde3 Qd6 37. Kh1 d4 38. Rb3 d3 39. Rb8+ Ke7 40. Rb7+
Kf8 41. Bf3 d2 42. Rb1 Ne2 43. Rg2 d1=Q+ 0-1

[Event "6th Rabat Blitz Marathon"]
[Site "Rabat MAR"]
[Date "2015.05.16"]
[Round "7.4"]
[White "Romero Holmes, Alfonso"]
[Black "Peralta, Fernando"]
[Result "1/2-1/2"]
[WhiteTitle "GM"]
[BlackTitle "GM"]
[WhiteElo "2469"]
[BlackElo "2556"]
[WhiteFideId "2200066"]
[BlackFideId "105309"]
[EventDate "2015.05.16"]

1. e4 d6 2. d4 Nf6 3. Nc3 g6 4. Bc4 Bg7 5. Nf3 Nc6 6. h3 O-O 7. O-O Nxe4 8.
Bxf7+ Rxf7 9. Nxe4 d5 10. Neg5 Rf8 11. Re1 Qd6 12. Ne5 Nxe5 13. dxe5 Bxe5 14.
Qe2 Bf6 15. Nf3 Bf5 16. c3 e5 17. Nxe5 Rae8 18. Bf4 g5 19. Bg3 Qb6 20. Qd2 c6
21. Ng4 Bxg4 22. hxg4 Qd8 23. Rad1 Qd7 24. f3 Rxe1+ 25. Rxe1 Re8 26. Rxe8+ Qxe8
27. Qd3 Qe6 28. Kf1 Kg7 29. Bf2 a6 30. Bd4 h6 31. Bf2 Qe5 32. Bd4 Qh2 33. Bxf6+
Kxf6 34. Qd4+ Qe5 35. Qb6 Qe7 36. Qd4+ Qe5 37. Qa7 Qe7 38. Qb8 Kg7 39. Qc8 Qf7
40. Qd8 1/2-1/2

[Event "6th Rabat Blitz Marathon"]
[Site "Rabat MAR"]
[Date "2015.05.16"]
[Round "8.3"]
[White "Peralta, Fernando"]
[Black "Heberla, Bartlomiej"]
[Result "0-1"]
[WhiteTitle "GM"]
[BlackTitle "GM"]
[WhiteElo "2556"]
[BlackElo "2556"]
[WhiteFideId "105309"]
[BlackFideId "1115120"]
[EventDate "2015.05.16"]

1. d4 d5 2. c4 e6 3. Nc3 Nf6 4. cxd5 exd5 5. Bg5 c6 6. Qc2 Be7 7. e3 Bg4 8. h3
Bh5 9. f4 h6 10. Bxf6 Bxf6 11. g4 Bh4+ 12. Kd2 Bg6 13. f5 Bh7 14. Nf3 Be7 15.
Bd3 Nd7 16. Rae1 Qa5 17. Kc1 O-O-O 18. Nd2 Kb8 19. Nb3 Qc7 20. Kb1 Rhe8 21. Rc1
Bg5 22. Nxd5 Qd6 23. Nc3 Bxe3 24. Rcd1 f6 25. Bc4 Nb6 26. Be6 Rxe6 0-1

[Event "6th Rabat Blitz Marathon"]
[Site "Rabat MAR"]
[Date "2015.05.16"]
[Round "8.4"]
[White "Dourerassou, Jonathan"]
[Black "Libiszewski, Fabien"]
[Result "1/2-1/2"]
[WhiteTitle "IM"]
[BlackTitle "GM"]
[WhiteElo "2414"]
[BlackElo "2531"]
[WhiteFideId "628050"]
[BlackFideId "616834"]
[EventDate "2015.05.16"]

1. e4 d6 2. d4 Nf6 3. Nc3 g6 4. Be2 Bg7 5. h4 c5 6. dxc5 Qa5 7. Bd2 Qxc5 8. Be3
Qa5 9. Qd2 h5 10. Nh3 Nc6 11. Ng5 O-O 12. f3 Ne5 13. O-O Bd7 14. Nd5 Qd8 15. c4
Rc8 16. Rac1 b6 17. b3 Bc6 18. Nxf6+ Bxf6 19. Bd4 Bb7 20. Rce1 e6 21. f4 Nd7 22.
f5 Bxg5 23. hxg5 Bxe4 24. fxe6 fxe6 25. Bxh5 gxh5 26. Rxe4 Rxf1+ 27. Kxf1 e5 28.
Bf2 Qe7 29. Rh4 Rf8 30. Rxh5 Nc5 31. Kg1 Ne6 32. Be3 Nf4 33. Bxf4 Rxf4 34. g6
Qf6 35. Qd3 Rd4 36. Qe2 Qxg6 37. Rh3 Rg4 38. Rd3 Kf7 39. Rf3+ Ke7 40. b4 Qb1+
41. Rf1 Qe4 42. Qf2 Qd4 43. Rc1 Ke6 44. Qxd4 Rxd4 45. Rc2 Rd3 46. Kf2 Kf5 47.
Ke2 Rg3 48. Kf2 Ra3 49. Rd2 Ke6 50. Rc2 Rd3 51. Ke2 Rg3 52. Kf2 Rd3 53. Ke2 Rg3
54. Kf2 1/2-1/2

[Event "6th Rabat Blitz Marathon"]
[Site "Rabat MAR"]
[Date "2015.05.16"]
[Round "9.3"]
[White "Libiszewski, Fabien"]
[Black "Shirov, Alexei"]
[Result "1/2-1/2"]
[WhiteTitle "GM"]
[BlackTitle "GM"]
[WhiteElo "2531"]
[BlackElo "2696"]
[WhiteFideId "616834"]
[BlackFideId "2209390"]
[EventDate "2015.05.16"]

1. e4 c5 2. Nf3 Nc6 3. Nc3 e5 4. Bc4 d6 5. d3 Be7 6. O-O Bg4 7. h3 Bh5 8. Nd5
Nf6 9. c3 O-O 10. a3 Kh8 11. b4 b6 12. b5 Na5 13. Nxf6 Bxf3 14. Qxf3 Bxf6 15.
Bd5 Rc8 16. c4 Nb3 17. Ra2 Nd4 18. Qd1 Bg5 19. Be3 g6 20. Qd2 Bf6 21. a4 Bg7 22.
Bxd4 cxd4 23. a5 f5 24. axb6 axb6 25. Ra7 Rc7 26. Rfa1 Qe7 27. Rxc7 Qxc7 28. Ra6
fxe4 29. Bxe4 Bf6 30. Qa2 Bh4 31. g3 Bg5 32. Ra7 Qd8 33. Rb7 Qf6 34. Qe2 Qd8 35.
h4 Bh6 36. h5 Qg5 37. hxg6 hxg6 38. Kg2 d5 39. Bxd5 Rf6 40. Be4 Kg8 41. Rc7 Bf8
42. Bd5+ Kh8 43. Qe1 Qh5 44. Rc6 Kg7 45. Rxf6 Kxf6 46. Qe4 Bc5 47. Bg8 Qf5 48.
Qxf5+ gxf5 49. Kf3 Kg5 50. Be6 Kf6 51. Bc8 Kg5 52. g4 fxg4+ 53. Bxg4 Kf6 54. Ke4
Kg5 55. Bc8 Kf6 56. Kd5 Bb4 57. Kc6 Bc5 58. f3 Kg5 59. Kd5 Kf4 60. Bg4 Bb4 1/2-1/2

[Event "6th Rabat Blitz Marathon"]
[Site "Rabat MAR"]
[Date "2015.05.16"]
[Round "9.4"]
[White "Fedorchuk, Sergey A."]
[Black "Larino Nieto, David"]
[Result "1-0"]
[WhiteTitle "GM"]
[BlackTitle "GM"]
[WhiteElo "2657"]
[BlackElo "2451"]
[WhiteFideId "14102536"]
[BlackFideId "2256444"]
[EventDate "2015.05.16"]

1. e4 c6 2. Nc3 d5 3. Nf3 dxe4 4. Nxe4 Nf6 5. Nxf6+ exf6 6. Bc4 Bd6 7. Qe2+ Qe7
8. d4 Bf5 9. c3 Na6 10. Nh4 Bg4 11. Qxe7+ Kxe7 12. Bd3 Rhe8 13. Bf5 Bxf5 14.
Nxf5+ Kd7+ 15. Be3 Bf8 16. O-O-O g6 17. Nh4 Nc7 18. Kc2 b5 19. Rhe1 Nd5 20. Nf3
a5 21. Bd2 a4 22. g3 h5 23. Rxe8 Rxe8 24. Re1 Rc8 25. Kd3 Bd6 26. Re2 Nb6 27.
Bc1 Ra8 28. Nh4 Nc4 29. Ng2 c5 30. dxc5 Bxc5 31. Kc2 Kc6 32. Nf4 Ne5 33. h3 Rd8
34. Be3 b4 35. Bxc5 Kxc5 36. cxb4+ Kxb4 37. Re4+ Kb5 38. Ne2 a3 39. Nc3+ Kc5 40.
b4+ Kb6 41. f4 Nf3 42. Re7 Rd2+ 43. Kb3 Nd4+ 44. Kc4 g5 45. Rxf7 h4 46. Rxf6+
Kb7 47. gxh4 gxh4 48. Rd6 Nf3 49. Rxd2 Nxd2+ 50. Kc5 Nf3 51. Ne4 Ng1 52. Nf2 Ne2
53. f5 Nc3 54. f6 Nxa2 55. f7 1-0

[Event "6th Rabat Blitz Marathon"]
[Site "Rabat MAR"]
[Date "2015.05.16"]
[Round "10.3"]
[White "Van Wely, Loek"]
[Black "Benaddi, Mouhcine"]
[Result "1-0"]
[WhiteTitle "GM"]
[WhiteElo "2653"]
[BlackElo "2074"]
[WhiteFideId "1000268"]
[BlackFideId "9001050"]
[EventDate "2015.05.16"]

1. d4 Nf6 2. c4 g6 3. Nc3 d5 4. Nf3 Bg7 5. cxd5 Nxd5 6. Bg5 O-O 7. e3 Bg4 8. Be2
Nxc3 9. bxc3 c5 10. O-O Nc6 11. Rb1 Qd7 12. h3 Bf5 13. Rb5 cxd4 14. cxd4 h6 15.
Bf4 b6 16. Qa4 Rac8 17. d5 Bc2 18. dxc6 Bxa4 19. cxd7 Rc2 20. Rd5 Rd8 21. Bd1
Rxa2 22. Bxa4 Rxa4 23. Bc7 1-0

[Event "6th Rabat Blitz Marathon"]
[Site "Rabat MAR"]
[Date "2015.05.16"]
[Round "10.4"]
[White "Shirov, Alexei"]
[Black "Romero Holmes, Alfonso"]
[Result "1-0"]
[WhiteTitle "GM"]
[BlackTitle "GM"]
[WhiteElo "2696"]
[BlackElo "2469"]
[WhiteFideId "2209390"]
[BlackFideId "2200066"]
[EventDate "2015.05.16"]

1. e4 c6 2. d4 d5 3. e5 Bf5 4. Nf3 e6 5. Be2 Nd7 6. O-O Ne7 7. Nh4 Bg6 8. Nd2 c5
9. c3 Nc6 10. Nxg6 hxg6 11. Nf3 Qb6 12. g3 Rc8 13. Kg2 Be7 14. h4 Kd8 15. Rb1
cxd4 16. cxd4 Na5 17. b3 Kc7 18. Ng5 Rhf8 19. Be3 Kb8 20. Qd3 Nc6 21. Rfc1 Bxg5
22. hxg5 Nb4 23. Qd2 Rxc1 24. Rxc1 Rc8 25. Rxc8+ Kxc8 26. Qc1+ Kd8 27. a3 Nc6
28. b4 a6 29. Qh1 Ke7 30. Qh8 Qd8 31. Qxg7 Qf8 32. Qh7 Kd8 33. Bd3 Kc7 34. g4
Kb6 35. Be2 Nd8 36. f4 Kc7 37. f5 Qe7 1-0

[Event "6th Rabat Blitz Marathon"]
[Site "Rabat MAR"]
[Date "2015.05.16"]
[Round "11.3"]
[White "Fedorchuk, Sergey A."]
[Black "Van Wely, Loek"]
[Result "1/2-1/2"]
[WhiteTitle "GM"]
[BlackTitle "GM"]
[WhiteElo "2657"]
[BlackElo "2653"]
[WhiteFideId "14102536"]
[BlackFideId "1000268"]
[EventDate "2015.05.16"]

1. e4 c5 2. Nf3 e6 3. d4 cxd4 4. Nxd4 a6 5. Nc3 Qc7 6. Bd3 Nf6 7. f4 d6 8. Qf3
b5 9. g4 Bb7 10. g5 Nfd7 11. Be3 Nc5 12. Bd2 Nbd7 13. b4 Nxd3+ 14. cxd3 g6 15.
Rc1 Qd8 16. h4 Bg7 17. Nde2 h5 18. gxh6 Rxh6 19. h5 Rxh5 20. Rxh5 gxh5 21. Qxh5
Rc8 22. Kf2 Qf6 23. Rg1 Qh6 24. Qg4 Bf6 25. Ke1 Qh4+ 26. Qxh4 Bxh4+ 27. Kd1 Ke7
28. Be3 Bf6 29. Kd2 Rh8 30. Bd4 Rh2 31. Bxf6+ Nxf6 32. Nd1 Nh5 33. Ke3 Rh3+ 34.
Kd2 Rh2 35. Ke3 Rh3+ 36. Kd2 Rh2 37. Ke3 1/2-1/2

[Event "6th Rabat Blitz Marathon"]
[Site "Rabat MAR"]
[Date "2015.05.16"]
[Round "11.4"]
[White "Fridman, Daniel"]
[Black "Heberla, Bartlomiej"]
[Result "1/2-1/2"]
[WhiteTitle "GM"]
[BlackTitle "GM"]
[WhiteElo "2637"]
[BlackElo "2556"]
[WhiteFideId "11600454"]
[BlackFideId "1115120"]
[EventDate "2015.05.16"]

1. d4 g6 2. e4 Bg7 3. Nf3 c5 4. c4 cxd4 5. Nxd4 Nc6 6. Be3 Nh6 7. Nc3 O-O 8. Be2
d6 9. O-O f5 10. exf5 Nxf5 11. Nxf5 Bxf5 12. Qd2 Qd7 13. Rac1 Rad8 14. Rfd1 b6
15. Nd5 Kh8 16. b3 e5 17. Bg5 Rde8 18. Ne3 Nd4 19. Nxf5 gxf5 20. Be3 f4 21. Bxd4
exd4 22. Bf3 Qf5 23. h3 Re7 24. Kh2 Rfe8 25. b4 Rf8 26. Qb2 Rfe8 27. Qa3 Qf6 28.
Qd3 Qe5 29. Rd2 Qf6 30. Rcd1 Qg5 31. Qa3 Qf6 32. Qa6 Qg5 33. Rxd4 Bxd4 34. Rxd4
Qf6 35. Rd3 Re1 36. Rd1 Rxd1 37. Bxd1 Qa1 38. Bf3 Qb2 39. Qb5 Re1 40. Qf5 h6 41.
Qf8+ Kh7 42. Qf7+ Kh8 43. Bd5 Qg7 44. Qf5 Re8 45. h4 Rf8 46. Qh3 Qe5 47. Qf3 a5
48. a3 axb4 49. axb4 Qb2 50. Kh3 Qf6 51. Qg4 Qe5 52. Kh2 f3+ 53. g3 Qf6 54. Kh3
Qf5 55. h5 Qf6 56. Qd7 Qf5+ 57. Qxf5 Rxf5 58. Kg4 Re5 59. Bxf3 Re1 60. Kh3 Rb1
61. b5 Kg7 62. Bd5 Kf6 63. f4 Rd1 64. g4 Rd3+ 65. Kg2 Rc3 66. Kf2 Ra3 67. Ke2
Rc3 68. Kf2 Ra3 69. Ke2 Rc3 1/2-1/2